• 首页
  • 本馆介绍
  • 公告通知
  • 最新文献
  • 馆藏检索
  • 电子资源
  • 读者导购
  • 参考咨询
  • 我的图书馆
  • 登录
  • 详细信息显示
  • 放入我的书架
  • 预约/预借图书
  • 作者相关作品
  • 分类相关作品
  • 丛书相关作品
  • 出版社相关作品

书目信息

  • 表格格式
  • 工作单格式
  • 卡片格式
题名:
化学信息学
    
 
作者: 谭凯 主编
分册:  
出版信息: 北京   化学工业出版社  2018重印
页数: 274页
开本: 26cm
丛书名:
单 册:
中图分类: G254.97
科图分类:
主题词: 计算机应用--ji suan ji ying yong--化学--情报检索--高等学校--教材
电子资源:
ISBN: 978-7-122-29578-1
000 01096nam0 2200277 45
001 012001001023
005 20191108095347.15
010    @a978-7-122-29578-1@dCNY38.00
099    @aCAL 012017118561
100    @a20170710d2017 em y0chiy50 ea
101 0  @achi
102    @aCN@b110000
105    @aak a 000yy
106    @ar
200 1  @a化学信息学@Ahua xue xin xi xue@f谭凯主编
205    @a第3版
210    @a北京@c化学工业出版社@d2018重印
215    @a274页@c图@d26cm
300    @a高等学校“十三五”规划教材
320    @a有书目
330    @a本教材以化学信息资源检索和化学结构信息可视化为重点,强调现代数据库检索的技术的使用,全面地介绍了化学信息与数据库检索的基础知识、常用文摘数据库、常用全文数据库、常用电子期刊、特种信息资源、常用化学事实数据库及文献数据的管理等内容。另外,本书重点介绍了化学结构的表示和可视化、分子模型的构建及著名的分子图形软件的使用。
606 0  @a计算机应用@Aji suan ji ying yong@x化学@x情报检索@x高等学校@j教材
690    @aG254.97@v4
701  0 @a谭凯@Atan kai@4主编
801  0 @aCN@b北京卓展文化@c20191020
905    @b1201319-22@dG254.97@e143=3@f4
    
    化学信息学/谭凯主编.-第3版.-北京:化学工业出版社,2018重印
    274页:图;26cm
    高等学校“十三五”规划教材
    
    ISBN 978-7-122-29578-1:CNY38.00
    本教材以化学信息资源检索和化学结构信息可视化为重点,强调现代数据库检索的技术的使用,全面地介绍了化学信息与数据库检索的基础知识、常用文摘数据库、常用全文数据库、常用电子期刊、特种信息资源、常用化学事实数据库及文献数据的管理等内容。另外,本书重点介绍了化学结构的表示和可视化、分子模型的构建及著名的分子图形软件的使用。
●
相关链接 在E读中查询图书 在五车中查询图书 在当当中查询图书 在豆瓣中查询图书


正题名:化学信息学     索取号:G254.97/143=3         预约/预借

序号 登录号 条形码 馆藏地/架位号 状态 备注
1 1201319   212013195   第一样本阅览室/ [索取号:G254.97/143=3] 在馆    
2 1201320   212013202   第四借阅区/ [索取号:G254.97/143=3] 在馆    
3 1201321   212013211   第四借阅区/ [索取号:G254.97/143=3] 在馆    
4 1201322   212013220   第四借阅区/ [索取号:G254.97/143=3] 在馆    
唐山师范学院图书馆 欢迎您!
大连网信软件有限公司© 版权所有